000 01939cad a22003015a 4500
001 L158292
002 19969
008 130313s2014 xxk 000 0 eng u
020 _a9781783210732
035 _a(Sirsi) u158292
041 0 _aeng
110 2 _aRoyal Institution of Chartered Surveyors
_94900
245 0 0 _aRICS real estate management
_bRICS practice statement and guidance note
_h[electronic resource]
250 _a2nd ed.
260 _aLondon
_bRICS
_c2014
490 0 _aRICS Guidance Note
490 0 _aRICS Practice Statement
505 2 _aRICS professional and ethical standards -- RICS professional guidance -- Glossary -- Part 1: Real estate management: RICS practice statement -- The practice statement -- Links to RICS ethical standards -- Part 2: Real estate management: RICS guidance note -- Introduction -- GN 1 Ethics -- GN 2 Securing instructions -- GN 3 New lettings and lease renewals -- GN 4 Managing real estate -- GN 5 Portfolio and asset management -- GN 6 Ending the instruction -- GN 7 Safety and security -- GN 8 Business management.
520 _aOUT OF DATE, SUPERSEDED BY 3RD EDITION, ARCHIVED IN NOVEMBER 2016 (L159440).
520 _aPart 1 of this document is a mandatory practice statement. Part 2 is a guidance note. The practice statement and guidance note apply to the management of both commercial and residential real estate. Agents, and companies providing management services, must approach all their activities in accordance with the overarching principles. Effective from 1 February 2015. Supersedes 1st edition.
590 _aKA
651 4 _aInternational
690 _aProperty management
_96262
690 _aCommercial property
_96227
690 _aResidential property
_96266
856 4 1 _uhttps://www.rics.org/Global/Real_estate_management_2nd_edition_PGguidance_2014.pdf
_zView the guidanc note free of charge (member-only content) at www.rics.org...
942 _n0
999 _c115249
_d115249